000 00625nam a2200205Ia 4500
003 GCL
008 140319s9999 xx 000 0 ara d
040 _aGCL /
_cGCL
082 0 4 _a375.001
_bو ف
100 1 _aمجدى عزيز ابراهيم
245 1 0 _aفى تصميم المنهج التربوى /
_cمجدى عزيز ابراهيم
700 1 _aوليم تاوضروس عبيد
260 _a[S.N] :
_bمكتبة الانجلوالمصرية ،
_c1995
300 _a87 ص
490 _a
650 0 4 _aالتربية
650 0 4 _aالمناهج
650 0 4 _aالتخطيط التربوى
942 _2ddc
_cBK
999 _c37336
_d37336